| 000 | 00833nam a22002897a 4500 | ||
|---|---|---|---|
| 001 | 0013632 | ||
| 003 | KOHA_MİRAKIL | ||
| 005 | 20260207001926.0 | ||
| 007 | ta | ||
| 008 | 100218b2006 tu |||gr||||#0|||1|tur | | ||
| 020 | _a9756509687 | ||
| 040 |
_aTR-BiSEU _btur _cTR-BiSEU _erda |
||
| 041 | 0 | _atur | |
| 044 | _ctu | ||
| 050 |
_aPS3523 _b.L65 2006 |
||
| 100 | 1 | _aLondon, Jack. | |
| 245 | 1 |
_aÖlüme Boyun Eğmeyen Adam/ _cJack London ; Jack London; çeviren Ersin Yıldırım. |
|
| 264 | 1 |
_aİstanbul : _bArkhe Yayınları _c2006 |
|
| 300 | _a167 sayfa; 20 cm. | ||
| 336 |
_ametin _btxt _2rdacontent |
||
| 337 |
_aaracısız _bn _2rdamedia |
||
| 338 |
_acilt _bnc _2rdacarrier |
||
| 650 | 0 |
_aRomanlar, çeviriler Türkçe. _932068 |
|
| 650 | 0 |
_aRomanlar--Kolleksiyonlar. _932069 |
|
| 907 | _aRoman | ||
| 942 |
_2lcc _cBK |
||
| 999 |
_c13596 _d13596 |
||